| 000 | 00636nam a2200229Ia 4500 | ||
|---|---|---|---|
| 005 | 20250425160723.0 | ||
| 008 | 250425s9999 xx 000 0 und d | ||
| 041 | _aspa | ||
| 082 | _a650.13 | ||
| 100 | _aLOIS GEORGE, PITTS BILL,MEZA STAINES GUADALUPE TR. | ||
| 245 | 0 | _aLA GRAN IDEA: COMO GANAR CON IDEAS EXTRAVAGANTES ¡QUE SI VENDEN! | |
| 250 | _a1A ED. | ||
| 260 | _aMEXICO | ||
| 260 |
_aMéxico _bMcGgraw-Hill _c1994 |
||
| 300 | _a306 | ||
| 500 | _a28331 S/ 39.500 L. CIENTIF. ING. MECA | ||
| 650 | _aESTRATEGIAS DE VENTA | ||
| 650 | _aPUBLICIDAD | ||
| 650 | _aTECNICAS DE MERCADEO | ||
| 942 | _c01 | ||
| 010 | _a3435 | ||
| 999 |
_c194799 _d194799 |
||